| 000 | 00395nam a2200145 a 4500 | ||
|---|---|---|---|
| 001 | 5421 | ||
| 003 | CDMR | ||
| 005 | 20130320111203.0 | ||
| 008 | 130130s1987||||||||||||||||||||||||||||d | ||
| 040 |
_aCDMR _bcat _cCPC GIRONA |
||
| 110 |
_91064 _aCatalunya _b -- Generalitat |
||
| 245 | 0 |
_aPerruqueria _b: vocabulari de perruqueria i bellesa |
|
| 260 |
_c1987 _bGeneralitat de Catalunya |
||
| 942 |
_cMON _2ddc |
||
| 999 |
_c5421 _d5421 |
||